Statistics for Hollywood Film Stars of the 1920's 30's & 40's. Photo Quiz.

Click here to take the quiz!

General Stats

  • This quiz has been taken 213 times
  • The average score is 12 of 20

Answer Stats

Answer% Correct
Clarke Gable
91%
Fred Astaire
88%
Oliver Hardy
82%
John Wayne
80%
Stan Laurel
79%
Spencer Tracy
77%
Buster Keaton
67%
Ginger Rogers
65%
Errol Flynn
63%
Mae West
62%
Lou Costello
56%
Carmen Miranda
55%
Harold Lloyd
50%
Roscoe 'Fatty' Arbuckle
50%
Rudolph Valentino
50%
Basil Rathbone
48%
Marlene Dietrich
46%
Claudette Colbert
45%
Charles Laughton
42%
Al Jolson
25%

Score Distribution

Percentile by Number Answered

Percent of People with Each Score

Your Score History

You have not taken this quiz